New Vistas on Old Problems: Recent Approaches to the Foundations of Quantum Mechanics (Record no. 26234)
[ view plain ]
| 000 -LEADER | |
|---|---|
| fixed length control field | 00611nam a2200121Ia 4500 |
| 008 - FIXED-LENGTH DATA ELEMENTS--GENERAL INFORMATION | |
| fixed length control field | 220620s9999||||xx |||||||||||||| ||und|| |
| 100 ## - MAIN ENTRY--PERSONAL NAME | |
| Personal name | Adrian Wüthrich (ed.)||Tilman Sauer (ed.) |
| 245 #0 - TITLE STATEMENT | |
| Title | New Vistas on Old Problems: Recent Approaches to the Foundations of Quantum Mechanics |
| Remainder of title | Proceedings of an International Symposium, Bern, June 23–24, 2011 |
| 546 ## - LANGUAGE NOTE | |
| Language note | English[eng] |
| 650 ## - SUBJECT ADDED ENTRY--TOPICAL TERM | |
| Topical term or geographic name entry element | quantum mechanics||decoherence||philosophy of science||MPRL||Edition Open Access||history of science||no-signaling||causality |
| 856 ## - ELECTRONIC LOCATION AND ACCESS | |
| Uniform Resource Identifier | <a href="http://www.edition-open-access.de/proceedings/3/index.html">http://www.edition-open-access.de/proceedings/3/index.html</a> |
| 942 ## - ADDED ENTRY ELEMENTS (KOHA) | |
| Koha item type | E-Books |
| Withdrawn status | Lost status | Damaged status | Not for loan | Home library | Current library | Date acquired | Total Checkouts | Date last seen | Price effective from | Koha item type |
|---|---|---|---|---|---|---|---|---|---|---|
| Kerala University of Digital Sciences, Innovation and Technology Knowledge Centre | Kerala University of Digital Sciences, Innovation and Technology Knowledge Centre | 20/06/2022 | 20/06/2022 | 20/06/2022 | E-Books |